MDQL
is popping MORE tags! Check the
thread
!
Quizzes
Events
Quiz Creation
Community
Videos
Private Events
Remove Ads
Sign In
Join for FREE
Feedback
Dark Mode
Quiz Categories
Sports
Geography
Music
Movies
Television
Just For Fun
Miscellaneous
History
Literature
Language
Science
Gaming
Entertainment
Religion
Holiday
For Kids
Quiz Lab
Recent
Popular Today
Quiz Kudos Today
Editor Picks
Curator Picks
Quizzes by...
Day
Popularity
Type
Ratings
Length
Year
Community
Subscriptions
Recent Discussions
Orange Saloon
Badges
Playlists
Quests
Create
Leaderboards
Showdown
Live 5
Trivia Bingo
Activity
Puzzle Library
Sporcle Events
Private Events
Virtual Trivia
Globe League
Become a Host
Pub Owners
SporcleCon
Opinionation
Our Games
Videos
Blog
Mobile Apps
Partnerships
Remove Ads and Go Orange
Feedback
Miscellaneous
Crossword
General Knowledge
Baby Names
Logo
Food
Cars
Numbers
Grab Bag
University
College
Popular
Company
Slogans
Restaurants
Justice
Letter
Miscellaneous
Crossword
General Knowledge
Baby Names
Logo
Food
Cars
Numbers
Grab Bag
University
College
Popular
Company
Slogans
Restaurants
Justice
Letter
Random Quiz
Search Sporcle
×
Quiz Lab
Quiz Lab
Miscellaneous
College
Type in answers that appear in a list
Type in answers that appear in a list
Classic
Best Score? Go Orange.
U.S. News Top 20 Colleges (2010) Stats
Can you name the 20 best colleges according to U.S. News?
By
slugga11
5m
20 Questions
414 Plays
414 Plays
414 Plays
Comments
Comments
Give Quiz Kudos
Give Quiz Kudos
-
- Ratings
hide this ad
Replay
Link that replays current quiz
Next Quiz
Link to next quiz in quiz playlist
You Got
0%
They Got
Avg Score
81%
Avg Friend Score
Upgrade to see
Score Distribution
Jump to the score distribution portion of the page
Score
0/20
Timer
05:00
0
Plays Today
Ranking (Score)
School
% Correct
T-
1 (100)
Harvard University
99.3%
T-
1 (100)
Princeton University
97.8%
3 (98)
Yale University
96.6%
T-
4 (93)
Stanford University
94.9%
16 (84)
Brown University
88.2%
10 (90)
Duke University
87.7%
T-
4 (93)
University of Pennsylvania
85.3%
T-
8 (91)
Columbia University
85.3%
T-
8 (91)
University of Chicago
83.6%
20 (78)
Notre Dame University
83.1%
Ranking (Score)
School
% Correct
T-
4 (93)
Massachusetts Institute of Technology
82.4%
15 (85)
Cornell University
82.1%
11 (89)
Dartmouth College
78.3%
T-
12 (87)
Northwestern University
72.9%
T-
4 (93)
California Institute of Technology
71.5%
T-
12 (87)
Washington University
70.5%
T-
17 (80)
Vanderbilt University
70.3%
T-
17 (80)
Rice University
67.9%
14 (86)
Johns Hopkins University
64.7%
T-
17 (80)
Emory University
62.3%
Quiz Playlist
Details
Report
Send in Message
Add To Playlist
Classic:
Type in answers that appear in a list
Quiz Source
Last Updated: Feb 16, 2017
Quiz Scoreboard
CHALLENGE
Sign Up to Join the Scoreboard
Show All
Scores
Hide
Comments
May contain spoilers
Recently Published
1-10 Letter E Words III
by El_Dandy
Language
2m
Street Fighter Characters
by Artimus82
Gaming
60s
College Basketball Coaching Resumes
by pancakes188
Sports
9m
More to Explore
Quiz From the Vault
Featured Blog Post
Where Did the Easter Bunny Come From?
hide this ad
You Might Also Like...
Tags
College Quiz
2010
location
school
score
US News
Today's Top Quizzes in Miscellaneous
Browse Miscellaneous
hide this ad
Today's Top Quizzes in College
Browse College
Top Contributed Quizzes in Miscellaneous
1
5-to-1: Fast Food
2
The JOE quick-fire general knowledge quiz: Day 174
3
The JOE quick-fire general knowledge quiz: Day 173
4
5-to-1: Cocktails
5
The JOE quick-fire general knowledge quiz: Day 172
6
9x9 Crossword: Disney Movie Titles
7
9x9 Crossword: Charlie and the Chocolate Factory
8
Sunday Crossword: Famous Bodies of Water
9
The JOE quick-fire general knowledge quiz: Day 171
10
9x9 Crossword: Flags
Explore More
Trending Topics
Anime
NBA
Crossword
Marvel
Harry Potter
Kpop
Disney
Puzzle
Country
WWE
Soccer
Song
Pokémon
The Office
NFL
hide this ad
More By:
slugga11
Quiz
Plays
Rating
Category
Featured
Created
Opening Nirvana Lyrics
4,737
4.82
Music
Mar 13, 2010
AFI's 25 Greatest Movie Quotes EVER!
2,651
3.75
Movies
Jul 30, 2010
Blender Magazine's 50 WORST Songs Ever!
2,644
2.95
Music
Jun 15, 2010
25 Greatest Grunge Bands
2,321
2.90
Music
May 13, 2010
Boston Celtics Millionaire
1,454
4.50
Sports
May 27, 2010
Go to Creator's Profile
Score Distribution
Quiz Creator Spotlight
slugga11
Follow
Send a Message
Quizzes Created
-
Created Quiz Play Count
-
More By This Creator
Popular Quizzes Today
1
Find the US States - No Outlines Minefield
2
Find the Countries of Europe - No Outlines Minefield
3
The Countries of the World
4
Find the US States
5
Risky Map Clicking: Biggest States A-Z
6
US States
7
Popular People in 1961
8
Movies - When Are They Set?
More Miscellaneous Quizzes
Are You Smarter Than a College Student? VIII
Published
Trending Quizzes
Risky Map Clicking: Least Populous States A-Z
1-10 Letter G Words
USA Borders Longest to Shortest
1-10 Letter F Words
Countries of the World: 200 Million BC
Recently Updated
Leaping Animals
pecheneg
Reality TV Shows (A-Z)
bhenderson79
Rickey Henderson's Hall of Fame Teammates
pecheneg
Champions League XIs: Arsenal
pecheneg
Quick Pick: Celebrities in WWE's Hall of Fame
aduchscher
A-Z Keypad Blitz II
pecheneg
Multiple Oscar Actors
pecheneg
Mystery Phrase Blitz: Oscar 'Best Actors'
pecheneg
F. Scott Fitzgerald Novels
LTH
Pick 3 Villains
ddd62291
Trending Topics
Marvel
Harry Potter
Kpop
Crossword
NBA
Disney
Anime
Pokémon
Puzzle
NFL
WWE
Country
Soccer
The Office
Song
Your Account Isn't Verified!
In order to create a playlist on Sporcle, you need to verify the email address you used during registration. Go to your
Sporcle Settings
to finish the process.
Report this User
Report this user for behavior that violates our
Community Guidelines
.
Details:
Send Report
Go to the Sporcle.com Mobile Site →
Comments